Antología poética

Wedi'i Gadw mewn:
Manylion Llyfryddiaeth
Prif Awdur: Chocano, José Santos
Fformat: Llyfr
Iaith:Undetermined
Cyhoeddwyd: Buenos Aires, Argentina Espasa - Calpe 1947
Pynciau:
Tagiau: Ychwanegu Tag
Dim Tagiau, Byddwch y cyntaf i dagio'r cofnod hwn!

MARC

LEADER 00000nam a2200000Ia 4500
008 170316s9999 xx 000 0 und d
040 |a cru BVZT 
090 |a 860 CH-6a 
100 |a Chocano, José Santos  |9 983 
245 |a Antología poética  |c / José Santos Chocano 
260 |a Buenos Aires, Argentina  |b Espasa - Calpe  |c 1947 
300 |a 230 páginas (Colección Austral) 
650 |a LITERATURA LATINOAMERICANA  |9 15 
650 |a POESÍAS  |9 984 
999 |c 8281  |d 8281 
942 |c 15 D  |h 860 CH-6a  |2 z